| 000 | 00711nam a2200169 a 4500 | ||
|---|---|---|---|
| 008 | 120416s1985 ||||||||||||||||| || u | ||
| 020 | _a0905788222 | ||
| 050 | _aDT 8781 Der | ||
| 100 | _aDerricourt, Robin | ||
| 245 | 1 | 0 | _aMan on the Kafue |
| 246 | _athe archaelogicy and history of the Itezhitezhi area of Zambia | ||
| 260 |
_aLondon _bEthnographica _c1985 |
||
| 300 | _axvi, 252p. : ill. | ||
| 350 | _a0.00 | ||
| 995 |
_aSPECIAL COLLECTIONS _D0.00 _e018649 _FCBU-MAIN LIBRARY (Kitwe) _H1 _I87.65 _jZAM DT 8781 Der _UAVAILABLE _y018649 _ZZambiana Collection |
||
| 995 |
_aMAIN LIBRARY OPEN ACCESS _D0.00 _e001675 _FCBU-MAIN LIBRARY (Kitwe) _H2 _I87.65 _jDT 8781 Der _UAVAILABLE _y001675 _ZMain Library Open Access Collection |
||
| 999 |
_c82359 _d82359 |
||